| 000 | 00470nam a2200169Ia 4500 | ||
|---|---|---|---|
| 008 | 150509s9999 xx 000 0 und d | ||
| 020 | _a0 8213 3086 1 | ||
| 082 | _aWBP 338.1 VEN | ||
| 100 | _aVenkatesan, V. | ||
| 245 | _aSeed systems in Sub-Saharan Africa | ||
| 260 | _aWashinghton: | ||
| 260 | _bThe World Bank | ||
| 260 | _c1994 | ||
| 300 | _axi, 112p.;ill.:27cm. | ||
| 500 | _aincludes bibliographic references | ||
| 650 | _aseed technology-Africa, Sub-Saharan | ||
| 999 |
_c10110 _d10110 |
||